Normal view
MARC view
- American Concrete Institue
Entry Personal Name
001 - CONTROL NUMBER
- control field: 43131
003 - CONTROL NUMBER IDENTIFIER
- control field: NUST
005 - DATE AND TIME OF LATEST TRANSACTION
- control field: 20210314132534.0
008 - FIXED-LENGTH DATA ELEMENTS
- fixed length control field: 210314|| aca||aabn | a|a d
040 ## - CATALOGING SOURCE
- Original cataloging agency: NUST
- Transcribing agency: NUST
100 ## - HEADING--PERSONAL NAME
- Personal name: American Concrete Institue
670 ## - SOURCE DATA FOUND
- Source citation: Work cat.: (NUST): American Concrete Institue, ACI manual of concrete inspection., 1957
